| 000 | 00664cam a22002411 4500 | ||
|---|---|---|---|
| 001 | med47001427 | ||
| 003 | DLC | ||
| 005 | 20260227111602.0 | ||
| 008 | 821215s1947 paua 000 0 eng c | ||
| 010 | _amed47001427 | ||
| 035 | _a(OCoLC)9057166 | ||
| 040 |
_aU.S. Army Medical Library _cScU _dScU _dDLC |
||
| 042 | _apremarc | ||
| 050 | 0 | 0 |
_aRJ45 _b.K64 1947 |
| 082 | _a618.92 | ||
| 100 | 1 |
_aKnox, Cecilia M., _d1905- |
|
| 245 | 0 | 0 | _aPrinciples of pediatrics and pediatric nursing. |
| 250 | _aRev. ed. | ||
| 260 |
_aPhiladelphia, _bDavis, _c1947. |
||
| 300 |
_ax, 527 p. _billus. (port col.) _c22 cm. |
||
| 650 | 0 |
_aChildren _xDiseases. |
|
| 650 | 0 | _aNursing. | |
| 999 |
_c38307 _d38307 |
||